Groups of Three - Cities - Statistics

General Stats
  • This quiz has been taken 1,174 times
  • The average score is 26 of 36
Answer Stats
Hint City % Correct
U.S. Cities to Host the Summer Olympics Los Angeles
96%
Cities to Ever Serve as Brazil's Capital Rio de Janeiro
94%
Asian Cities to Host the Summer Olympics Beijing
93%
Cities to Ever Serve as Brazil's Capital Brasília
93%
Capitals of South Africa Cape Town
93%
Most Populous Cities in Vietnam Hanoi
92%
Asian Cities to Host the Summer Olympics Tokyo
92%
African Capitals on the Mediterranean Tunis
90%
Capitals of the E.U. Brussels
89%
Capitals of South Africa Pretoria
88%
Capitals of the Baltic Nations Riga
88%
Most Populous Cities in Vietnam Ho Chi Minh City
86%
Holiest Cities in Sunni Islam Mecca
86%
African Capitals on the Mediterranean Algiers
85%
Capitals of the Baltic Nations Tallinn
85%
U.S. Cities to Host the Summer Olympics Atlanta
82%
Southernmost Australian State Capitals Melbourne
81%
Capitals of the Baltic Nations Vilnius
81%
African Capitals on the Mediterranean Tripoli
78%
Asian Cities to Host the Summer Olympics Seoul
77%
Capitals of South Africa Bloemfontein
73%
Holiest Cities in Sunni Islam Jerusalem
70%
Holiest Cities in Sunni Islam Medina
69%
Capitals of the Caucasus Nations Baku
67%
Capitals of the Caucasus Nations Tbilisi
67%
Southernmost Australian State Capitals Adelaide
66%
Capitals of the Caucasus Nations Yerevan
62%
Capitals of the E.U. Luxembourg
55%
U.S. Cities to Host the Summer Olympics Saint Louis
54%
Capitals of the E.U. Strasbourg
54%
Southernmost Australian State Capitals Hobart
53%
Biggest Majority Punjabi-Speaking Cities Lahore
46%
Most Populous Cities in Vietnam Da Nang
34%
Cities to Ever Serve as Brazil's Capital Salvador
31%
Biggest Majority Punjabi-Speaking Cities Faisalabad
18%
Biggest Majority Punjabi-Speaking Cities Rawalpindi
17%
No matching quizzes found
Score Distribution
Percent of People with Each Score
Percentile by Number Answered
Your Score History
You have not taken this quiz